000 00350nam a2200133Ia 4500
008 240624s9999 xx 000 0 und d
041 _aeng
082 _a382.0601 RAT
100 _aRATNESH KUMAR
245 _aWTO STRUCTURE FUNCTIONS TASKS AND CHALLE
260 _c2004
_aNew Delhi
_bDeep & Deep
300 _aviii, : 249 : p. : cm. ; 23
365 _cRS
999 _c2648
_d2648